| 000 | 00363nam a2200145Ia 4500 | ||
|---|---|---|---|
| 008 | 230917s9999||||xx |||||||||||||| ||und|| | ||
| 040 |
_e195245 _aMAIN |
||
| 041 | _aEnglish | ||
| 082 | _a584.9 S64F | ||
| 100 | _aSingh, Anil Kumar | ||
| 245 | 0 | _aForages and fodder | |
| 260 |
_aNew Delhi _bDaya Publishing House _c2011 |
||
| 300 | _axviii, 472 p. | ||
| 942 | _cBK | ||
| 999 |
_c158819 _d158819 |
||